000 01208naa a22003137a 4500
001 BR8800538
003 BR-BrBNA
005 20250721154551.0
007 ta
008 250630b bl.|||m| |||| 00| 0 por d
040 _aBR-BrBNA
_bpor
_cBiblioteca Nacional de Agricultura
041 _a(Pt)
072 _aP06
_b0230
090 _aP06 BR8800538
100 1 _aBarghini, A.
100 1 _aZambelli, C.
111 1 _a1. Seminario de Tecnologia Industrial de Producao de Alcool
_cCampinas, SP (Brazil)
_dAug 1984
245 1 _aAdequacao da oferta - demanda de bagaco residual de destilarias para as industrias / estudo modelo
500 _a1. Seminario de Tecnologia Industrial de producao de Alcool Brasilia, DF (Brasil): 1985. p. 556-575 [6 illus.; Summary (Pt)] (BR8800538-AMS)
773 0 _t1. Seminario de Tecnologia Industrial de producao de Alcool
_wP06 BR8800538
_gBrasilia, DF (Brasil), 1985. p. 556-575
650 _aBAGACO
650 _aCANA DE ACUCAR
650 _aRESIDUO INDUSTRIAL
650 _aDESTILARIA
650 _aCOMBUSTIVEL
490 _aDocumentos - Secretaria de Tecnologia Industrial (Brazil)
_vno. 24
942 _cAMS
_2AGRIS
909 _a202506
_bLúcia
_c55
_dLúcia Elande
999 _c335705
_d335705